| Поле | Инд. | ПП | Название | Значение |
|---|---|---|---|---|
| Тип записи | a | |||
| Библиографический уровень | m | |||
| 001 | Контрольный номер | ru\kursksu\book\50427 | ||
| 005 | Дата корректировки | 20230511114243.7 | ||
| 008 | Кодируемые данные | 120330h2011 RU y f z 000 1 rus u | ||
| 020 | a | ISBN | 978-5-9551-0508-6 | |
| 040 | a | Служба первич. каталог. | НБ ТвГУ | |
| d | Организация, изменившая запись | KurskSU | ||
| 041 | 0_ | a | Код языка текста | rus |
| 044 | a | Код страны публикации | RU | |
| 080 | a | Индекс УДК | 78.03(470) | |
| 084 | a | Индекс другой классификации/Индекс ББК | Щ313(2Рос=411.2) | |
| 090 | a | Полочн. индекс | Щ313(2Рос) | |
| x | Авторский знак | И 90 | ||
| 245 | 10 | a | Заглавие | История русской музыки |
| b | Продолж. заглавия | в 10 т. | ||
| c | Ответственность | [под общ. науч. ред. Е. М. Левашева ; М-во культуры Рос. Федерации, Гос. ин-т искусствознания] | ||
| n | Номер части/ раздела | Т. 10В | ||
| p | Название части/ раздела | 1890-1917. Хронограф, кн. 1 | ||
| 260 | a | Место издания | Москва | |
| b | Издательство | Языки славянских культур | ||
| c | Дата издания | 2011 | ||
| 300 | a | Объем | 964 c. | |
| e | Сопроводительные материалы | 1 электрон. опт. диск (CD-ROM) | ||
| 504 | a | Библиография | Библиогр. в подстроч. примеч. | |
| 520 | 0_ | a | Аннотация | История русской музыки. Том 10В" является завершающей частью "Истории русской музыки в десяти томах" и представляет собой хронограф русской музыкальной культуры 1890-1917 годов. В двух книгах этого тома систематизированы сведения о театральной и концертной жизни Санкт-Петербурга, Москвы, провинциальных городов Российской империи. По сравнению с предыдущими томами, включены также новые разделы: "Исполнения русской музыки за рубежом", "Литература о музыке", Каталог оперетт и малороссийских опер. Их содержание дополняет "Указатель деятелей музыкально-театральной культуры", изданный в 1914 году Б.С.Родкиным, а ныне представленный в виде научной републикации. Для удобства читателей на CD помещены в электронном виде все части двух книг, что позволяет пользователям легко находить необходимые им сведения (как например, фамилии, названия сочинений, жанровые определения, места исполнений и даты проведений спектаклей и концертов). |
| 653 | 0_ | a | Ключевые слова | 19 в. |
| a | Ключевые слова | 20 в. | ||
| a | Ключевые слова | CD-ROM | ||
| a | Ключевые слова | Искусство | ||
| a | Ключевые слова | История музыки | ||
| a | Ключевые слова | Москва, город | ||
| a | Ключевые слова | Музыка | ||
| a | Ключевые слова | Музыкальная культура России | ||
| a | Ключевые слова | Россия | ||
| a | Ключевые слова | Русская музыка | ||
| a | Ключевые слова | Санкт-Петербург, город | ||
| a | Ключевые слова | Театральная жизнь России | ||
| 700 | 1_ | a | Другие авторы | Левашев Евгений Михайлович |
| q | Полное имя | Левашев, Е. М. | ||
| 700 | 1_ | a | Другие авторы | Тетерина Надежда Ивановна |
| q | Полное имя | Тетерина, Н. И. | ||
| 700 | 1_ | a | Другие авторы | Айнбиндер А. Г. |
| 700 | 1_ | a | Другие авторы | Берченко Р. Э. |
| 852 | 41 | i | Расстановочный признак | Проверка 2023 |
| 856 | 40 | u | URL | http://texts.lib.tversu.ru/texts/993458ogl.pdf |
| 901 | t | Тип документа | m | |
| 920 | a | Оператор | Стру | |
| a | Оператор | Хохл | ||
| 930 | a | Новая/Ретро | CD-ROM | |
| 952 | c | Вид литературы | К рн | |
| 954 | a | Дата поступления на обработку | 20120731 | |
| e | Дата перешифровки | 20230511 |